000 00765cab a2200241 4500
001 ABS54124
008 090401t1995 xxu||||| |||| 00| 0 eng d
035 _a(Sirsi) u8680
041 _aeng
100 _aChapman, R.
245 _aNo need to gamble on risks
260 _c1995
350 _a0
490 _aArchitects` Journal
_v202(21) 30 November 1995, 48-50(3)
520 _aA concluding article on project risk analysis and management in the construction industry, looking specifically at the issues involved in risk identification.
650 _aCONSTRUCTION INDUSTRY
650 _aRISK ANALYSIS
650 _aRISK IDENTIFICATION
650 _aRISK MANAGEMENT
690 _aBUILDING AND CONSTRUCTION-CONTROL
942 _n0
948 _c04/03/1997
999 _c5381
_d5381